000
00269nam a2200109Ia 4500
008
190216s9999||||xx |||||||||||||| ||und||
100
_a
Subodh K Gupta
245
0
_a
Indias Five Year Plans
260
_b
Calcutta The World Press Pvt Ltd
650
_a
Commerce
942
_c
BK
999
_c
4554
_d
4554